Vývoj svetového obchodu po roku 2005 a svetový obchodný systém diplomová práca

Gespeichert in:
Bibliographische Detailangaben
1. Verfasser: Cesnak, Martin
Körperschaft: Fakulta medzinárodných vzťahov EU. Katedra medzinárodných ekonomických vzťahov a hospodárskej diplomacie
Weitere Verfasser: Csabay, Marek
Format: Buch
Sprache:Slowakisch
Veröffentlicht: Bratislava 2011
Tags: Tag hinzufügen
Keine Tags, Fügen Sie das erste Tag hinzu!

MARC

LEADER 00000nbm a2200000 4500
001 0139949
005 20161109101922.4
041 0 |a slo 
044 |a SK 
245 1 0 |a Vývoj svetového obchodu po roku 2005 a svetový obchodný systém  |b diplomová práca  |c Martin Cesnak ; školiteľ: Marek Csabay 
264 1 |a Bratislava  |c 2011 
300 |a 79 s. 
100 1 |a Cesnak, Martin 
700 1 |a Csabay, Marek 
710 2 |a Fakulta medzinárodných vzťahov EU. Katedra medzinárodných ekonomických vzťahov a hospodárskej diplomacie